[Event "Belorechensk Seniors op"]
[Site "Belorechensk"]
[Date "2013.02.18"]
[Round "6"]
[White "Bakulin, Vasiliy"]
[Black "Petrov, Petr T"]
[Result "1/2-1/2"]
[WhiteElo "2017"]
[BlackElo "1954"]
[PlyCount "80"]
[EventDate "2013.02.13"]
[EventType "swiss"]
[EventRounds "9"]
[EventCountry "RUS"]
[SourceTitle "CBM 153 Extra"]
[Source "ChessBase"]
[SourceDate "2013.04.22"]
[SourceVersion "1"]
[SourceVersionDate "2013.04.22"]
[SourceQuality "1"]

1. e4 d5 2. exd5 Qxd5 3. Nc3 Qd6 4. d4 c6 5. Nf3 Nf6 6. a3 Bg4 7. Be2 e6 8. 0-0 Be7 9. Bg5 Nbd7 10. Qd2 Qc7 11. Ne5 Bxe2 12. Qxe2 0-0 13. Rfe1 Rfe8 14. Bf4 Bd6 15. Bg3 Nf8 16. b4 Ng6 17. Na4 a5 18. c4 axb4 19. axb4 Bxe5 20. dxe5 Nd7 21. Nb2 Rxa1 22. Rxa1 Qb6 23. Rd1 Nb8 24. b5 Rd8 25. h4 Nf8 26. Rd6 Rxd6 27. exd6 cxb5 28. cxb5 Nbd7 29. Qc4 f6 30. Na4 Qa5 31. Nc5 Nxc5 32. Qxc5 Qd8 33. h5 Qd7 34. f3 Kf7 35. Be1 Ke8 36. h6 g6 37. Bc3 e5 38. f4 exf4 39. Bxf6 Qe6 40. Qd4 Qe1+ 1/2-1/2

[Event "Belorechensk Seniors op"]
[Site "Belorechensk"]
[Date "2013.02.14"]
[Round "2"]
[White "Bakulin, Vasiliy"]
[Black "Ostrovsky, Alexander"]
[Result "1/2-1/2"]
[WhiteElo "2017"]
[BlackElo "2324"]
[PlyCount "82"]
[EventDate "2013.02.13"]
[EventType "swiss"]
[EventRounds "9"]
[EventCountry "RUS"]
[SourceTitle "CBM 153 Extra"]
[Source "ChessBase"]
[SourceDate "2013.04.22"]
[SourceVersion "1"]
[SourceVersionDate "2013.04.22"]
[SourceQuality "1"]

1. e4 e5 2. Nf3 d6 3. d4 exd4 4. Nxd4 Nf6 5. Nc3 Be7 6. Be2 0-0 7. 0-0 a6 8. a4 c5 9. Nf3 Nc6 10. b3 Nb4 11. Bb2 d5 12. exd5 Nfxd5 13. Nxd5 Nxd5 14. Bc4 Be6 15. Re1 Nf4 16. Bxe6 Nxe6 17. Qe2 Qc7 18. Qc4 Rae8 19. Rad1 Rd8 20. g3 Rxd1 21. Rxd1 Rd8 22. Re1 Qd7 23. Kg2 Qd5 24. Qxd5 Rxd5 25. Re2 Kf8 26. Rd2 Rxd2 27. Nxd2 Ke8 28. f4 f6 29. Kf3 Kd7 30. Ke4 Kc6 31. h4 Nc7 32. g4 Ne8 33. h5 Nd6+ 34. Kd3 b5 35. axb5+ axb5 36. c4 g6 37. Ne4 f5 38. Nxd6 Bxd6 39. hxg6 hxg6 40. gxf5 gxf5 41. Be5 Be7 1/2-1/2